000 00276nam a2200121 a 4500
008 101026s1977|||| d
100 1 _aMajerová, Marie
245 1 0 _aZaviatá láska
260 _bTatran
_aBratislava
_c1977
020 _c18
041 _aslo
044 _axo
_cSK
999 _c12315
_d12315